Les paroles anglaises dans Bang Bang de Ive - Statistiques

Statistiques générales
  • Ce quiz a été pris 6 fois
  • Le résultat moyen est 200 sur 268
Statistiques - réponses
Paroles % Correct
Bang
100%
Be
100%
I
100%
A
75%
Aggressive
75%
Bit
75%
Explosive
75%
Gimme
75%
Go
75%
Going
75%
Grr
75%
It
75%
It's
75%
Kiss
75%
Little
75%
My
75%
New
75%
Offensive
75%
Out
75%
Pop
75%
Said
75%
Scene
75%
That
75%
Told
75%
With
75%
Yeah
75%
(Yeah
75%
Yeah)
75%
You
75%
Day
50%
Don't
50%
Four
50%
Give
50%
Gum
50%
Head
50%
Hey
50%
Is
50%
One
50%
Picture
50%
Say
50%
Shaking
50%
Taking
50%
This
50%
Three
50%
Two
50%
Up
50%
Wake
50%
Wanted
50%
(Wanted)
50%
Way
50%
What
50%
Ah
25%
Baby
25%
Can
25%
Catch
25%
Gotta
25%
If
25%
I'm
25%
Me
25%
Problem
25%
Yah
25%
Disappear
0%
Hot
0%
Issue
0%
Aucun quiz correspondant
Distribution des résultats
% des personnes avec chaque résultat
Percentile par nombre de réponses
Votre historique - résultats
Vous n’avez pas pris ce quiz